000 00556cam a22001933a 4500
001 43981
003 PGUSA
005 20140828084012.0
008 131019s2013||||xxu|||||s|||||000 | eng d
040 _aPGUSA
_beng
042 _adc
245 1 0 _aPunch, or the London Charivari, Vol. 108, June 29, 1895
_h[electronic resource] /
_cVarious
260 _bProject Gutenberg,
_c2013
506 _aPublic domain in the USA.
516 _aElectronic text
830 0 _aProject Gutenberg
_v43981
856 4 0 _uhttp://www.gutenberg.org/ebooks/43981
942 _cEB
999 _c273232
_d273232